00000000nam##2200000za#4500
0019.661980
003CaOODSP
00520200401064143
007ta
008150407|2001||||xxc|||||     f|0| 0 fre|d
020 |a0-662-65811-6
040 |aCaOODSP|bfre
041 |aeng
041 |afre
043 |an-cn---
0861 |aSW21-55/2000
1101 |aCanada. |bCondition féminine Canada.
24510|aLes femmes et le travail à domicile : |ble cadre législatif canadien / |cpar Stephanie Bernstein, Katherine Lippel et Lucie Lamarche.
260 |aOttawa - Ontario : |bCondition féminine Canada |c2001.
300 |aTexte français, vii, 217p. : |bréférences, tableaux ; |c28 cm.
500 |aDonnées de catalogage avant publication (Canada) imprimées dans cette publication. «La législation canadienne en matière de travail protège-t-elle bien les travailleuses et les travailleurs à domicile? Pour répondre à cette question, le présent rapport étudie la situation juridique de ces travailleuses et travailleurs, c'est-à-dire des personnes qui, à la maison, font du travail de type industriel, de bureau ou du télétravail. Aux fin du présent rapport, l'expression «travail à domicile» désigne toute forme de travail rémunéré qui est exécutée dans une résidence privée, à l'exception de l'aide aux familles de soins, du travail autonome et du travail agricole.»--Sommaire. N.B.: Le numéro de catalogue (SW21-55/2000F) et le numéro ISBN (0-662-85450-0) imprimés dans cette publication sont incorrects.
504 |aBibliographie.
5203 |aLa législation canadienne en matière de travail protège-t-elle bien les travailleuses et les travailleurs à domicile? Pour répondre à cette question, le présent rapport étudie la situation juridique de ces travailleuses et travailleurs, c'est-à-dire des personnes qui, à la maison, font du travail de type industriel, de bureau ou du télétravail. Aux fin du présent rapport, l'expression travail à domicile désigne toute forme de travail rémunéré qui est exécutée dans une résidence privée, à l'exception de l'aide aux familles de soins, du travail autonome et du travail agricole.--Sommaire
546 |aBilingue
563 |aCouverture souple
590 |a01-17|b2001-04-27
69107|aCondition de la femme|2gcpds
69107|aDroit du travail|2gcpds
69107|aTravailleuse|2gcpds
69107|aEmploi|2gcpds
69107|aMilieu de travail|2gcpds
7201 |aBernstein, Stephanie
7201 |aLamarche, Lucie
7760#|tLes femmes et le travail à domicile : |w(CaOODSP)9.632935
7760#|tWomen and homework : |w(CaOODSP)9.688509
791 |tWomen and homework : |eeng|w(CaOODSP)9.661979